THEORY OF ELASTICITY (Record no. 533041)

000 -LEADER
fixed length control field 00415nam a22001817a 4500
003 - CONTROL NUMBER IDENTIFIER
control field NUST
005 - DATE AND TIME OF LATEST TRANSACTION
control field 20191211104730.0
020 ## - INTERNATIONAL STANDARD BOOK NUMBER
International Standard Book Number 0-07-085805-5
038 ## - RECORD CONTENT LICENSOR
Staff Name MSOHAIL
082 ## - DEWEY DECIMAL CLASSIFICATION NUMBER
Classification number 531.382 TIM
100 ## - MAIN ENTRY--PERSONAL NAME
Personal name GOODIER, J.N TIMOSHENKO, S.P
9 (RLIN) 26730
245 ## - TITLE STATEMENT
Title THEORY OF ELASTICITY
250 ## - EDITION STATEMENT
Edition statement 3RD
260 ## - PUBLICATION, DISTRIBUTION, ETC.
Place of publication, distribution, etc. LONDON
Name of publisher, distributor, etc. MCGRAW HILL
Date of publication, distribution, etc. 1970
300 ## - PHYSICAL DESCRIPTION
Extent 567P
650 ## - SUBJECT ADDED ENTRY--TOPICAL TERM
Topical term or geographic name entry element ELASTICITY
9 (RLIN) 10835
942 ## - ADDED ENTRY ELEMENTS (KOHA)
Koha item type Book
Source of classification or shelving scheme
Holdings
Withdrawn status Lost status Source of classification or shelving scheme Damaged status Not for loan Permanent Location Current Location Date acquired Total Checkouts Total Renewals Full call number Barcode Date last seen Date last checked out Price effective from Koha item type
          School of Civil and Environmental Engineering (SCEE) School of Civil and Environmental Engineering (SCEE) 12/11/2019 1 2 531.382 TIM NIT-12817 03/19/2024 10/31/2023 12/11/2019 Book
© 2023 Central Library, National University of Sciences and Technology. All Rights Reserved.